Filters and Filtration Handbook /

Contenido: 1) Principios básicos; 2) Medios de filtración; 3) Tipos de filtros; 4) Filtración de líquidos; 5) Aceites y sistemas hidráulicos; 6) Filtración de gas; 7) Otros tipos de equipo de separación; 8) Selección de filtros.

Tallennettuna:
Bibliografiset tiedot
Päätekijä: Sutherland, Ken (autor)
Aineistotyyppi: Kirja
Kieli:englanti
Julkaistu: Oxford, Inglaterra : Elsevier : Butterworth-Heinemann, 2008, c2008
Painos:5a edición
Aiheet:
Tagit: Lisää tagi
Ei tageja, Lisää ensimmäinen tagi!

MARC

LEADER 00000nam^a2200000^a^4500
001 000301687
005 20250521000000.0
009 20260310112551.229
020 |a 978-1-8561-7464-0 
037 |a Acervo ITESO - Biblioteca 
041 |a ING 
082 |a 660. 284245  |b SUT 
100 |a Sutherland, Ken  |e (autor) 
245 1 0 |a Filters and Filtration Handbook /  |c K. Sutherland. 
250 |a 5a edición 
264 4 |a Oxford, Inglaterra :  |b Elsevier :  |b Butterworth-Heinemann,  |c 2008, c2008 
300 |a XII, 523 p. 
336 |a texto  |b txt  |2 rdacontenido 
337 |a sin mediación  |b n  |2 rdamedio 
338 |a volumen  |b nc  |2 rdasoporte 
520 |a Contenido: 1) Principios básicos; 2) Medios de filtración; 3) Tipos de filtros; 4) Filtración de líquidos; 5) Aceites y sistemas hidráulicos; 6) Filtración de gas; 7) Otros tipos de equipo de separación; 8) Selección de filtros. 
649 |a XX 
650 |a Filtros de Aire 
650 |a Filtros y Filtración -  |x Tema Principal 
650 |a Separación (Tecnología) 
650 |a Ingeniería Química 
910 |a Fondo General 
920 |a Impresos - Libros 
930 |a Colección General 
905 |a 101 
901 |a 0500187337  |b IT1  |c ACC  |i C123939  |u 20250521 
902 |a https://opac.biblio.iteso.mx/vufind/Record/000301687